|
|
|
|
| LEADER |
00000nam a2200000 a 4500 |
| 001 |
UCV2466 |
| 003 |
CL-VaPUC |
| 008 |
920730e19820000CK |||||||||||||||||spa|d |
| 082 |
0 |
4 |
|a 345
|b NOV
|2 21
|
| 100 |
|
|
|a Novoa Monreal, Eduardo
|e autor
|9 499707
|
| 245 |
1 |
0 |
|a Causalismo y finalismo en derecho penal
|
| 250 |
|
|
|a 2a. ed
|
| 300 |
|
|
|a 192 p
|
| 942 |
|
|
|c BK
|
| 945 |
|
|
|d 19920730 00:00:00
|
| 260 |
|
|
|a Bogotá
|b Temis
|c 1982
|
| 650 |
|
0 |
|a Crímenes
|9 225419
|
| 650 |
|
7 |
|a CAUSALIDAD
|2 CL-VaPUC
|9 225420
|
| 650 |
|
7 |
|a DERECHO PENAL
|2 CL-VaPUC
|9 11
|
| 583 |
|
|
|a last modification
|c 20170406 11:09:25
|k Rodrigo Vera
|
| 999 |
|
|
|c 210028
|d 210026
|
| 952 |
|
|
|0 0
|1 0
|4 0
|6 345_000000000000000_NOV_1982
|7 0
|8 A
|9 185975
|a BIBDER
|b BIBDER
|d 2019-11-14
|i 2534746
|o 345 NOV 1982
|p 2534746
|r 2023-01-25
|w 2019-11-14
|y BK
|k DER
|